000
00195 a2200097 4500
001
27766
100
_a
Brady, J
245
_a
Theory of computer
260
_a
_b
Chapman
_c
090
_c
18559
_d
18559
942
_a
NUST-CAE
_c
M
_c
9512
999
_c
262839
_d
262839